00471nam a2200133Ia 4500008004100000041000800041100001900049245006200068260003500130300000800165700004500173999001900218952010000237250110s9999 xx 000 0 und d aeng aMedankar Netra aGurukul Learning With A Difference Vrindavan Uttarpradesh bFinal Year B. Arch, BNCAc2014 a67p aGuide Name:Sahastrabuddhe Chetan9210252 c363444d363444 00104070aBNCAbBNCAd2014-06-06l0pBNCA-PR-944r2025-01-10 00:00:00w2025-01-10yPRzPR0944